|
|
|
|
| LEADER |
00000nab a2200000 a 4500 |
| 001 |
vtls000783561 |
| 003 |
SK-MaSNL |
| 005 |
20260302153506.0 |
| 008 |
041105 2004 xo w 000 0 slo |
| 015 |
|
|
|a SNBRB2004
|2 sllk
|
| 040 |
|
|
|a SLLK
|b slo
|c SLLK
|e AACR2
|
| 041 |
0 |
|
|a slo
|
| 044 |
|
|
|a xo
|c SK
|
| 080 |
|
|
|a 373.54
|2 UDC-MRF-SK2
|
| 080 |
|
|
|a 004.7
|2 UDC-MRF-SK2
|
| 100 |
1 |
|
|a (eo)
|4 pht
|4 aut
|9 848588
|
| 245 |
1 |
0 |
|a Získali certifikát
|c Text a foto (eo)
|
| 300 |
|
|
|b Fotogr.
|
| 610 |
2 |
7 |
|a Gymnázium Terézie Vansovej (Stará Ľubovňa, Slovensko)
|2 sllk
|9 848647
|
| 610 |
1 |
7 |
|a Cisco network akadémia
|b Lokálna akadémia (Stará Ľubovňa, Slovensko)
|2 sllk
|9 848648
|
| 650 |
0 |
7 |
|a siete počítačové
|x budovanie
|x programy vzdelávacie
|2 sllk
|9 848649
|
| 651 |
|
7 |
|a Stará Ľubovňa (Slovensko)
|2 sllk
|9 19193
|
| 773 |
0 |
|
|t Ľubovnianske noviny
|g Roč. XXX, č. 21 (27. 5.2004), s. [1]
|
| 852 |
|
|
|a SLLK
|b KIS3GCP
|
| 999 |
|
|
|c 1365585
|d 1367515
|